City by Building (Easy Version) - Statistics

General Stats
  • This quiz has been taken 93 times
  • The average score is 13 of 16
Answer Stats
Picture Answer % Correct
London
100%
New York
99%
Paris
99%
Rio de Janeiro
96%
Rome
95%
Sydney
93%
Moscow
92%
Athens
91%
Beijing
87%
Istanbul
80%
Giza
75%
Jerusalem
74%
Kuala Lumpur
74%
Toronto
72%
Brussels
55%
Delhi
22%
No matching quizzes found
Score Distribution
Percent of People with Each Score
Percentile by Number Answered
Your Score History
You have not taken this quiz